Maybe This Time - Cabaret 1972 (lyrics) - Statistics

General Stats
  • This quiz has been taken 67 times
  • The average score is 122 of 132
Answer Stats
Answer % Correct
a
100%
be
100%
i
100%
love
100%
me
100%
win
100%
winner
100%
everybody
98%
happy
98%
he
98%
he'll
98%
i'll
98%
lady
98%
loser
98%
loved
98%
loves
98%
maybe
98%
nobody
98%
not
98%
peaceful
98%
so
98%
that's
98%
the
98%
this
98%
time
98%
to
98%
what
98%
all
95%
in
95%
my
95%
stay
95%
will
95%
and
93%
last
93%
won't
93%
are
91%
before
91%
begin
91%
favor
91%
it's
91%
like
91%
odds
91%
anymore
88%
away
88%
bound
88%
hold
88%
lucky
88%
something's
88%
at
86%
fast
86%
first
86%
for
86%
happen
86%
long
86%
hurry
84%
sometime
84%
they
84%
home
81%
oh
79%
gotta
63%
they're
60%
'cause
58%
well
40%
No matching quizzes found
Score Distribution
Percent of People with Each Score
Percentile by Number Answered
Your Score History
You have not taken this quiz